الأحكام الفقهية للإمام الطبري : (رقم التسجيلة. 3876)
[ عرض عادي ]
| 000 -الفاتح | |
|---|---|
| عناصر البيانات ثابتة الطول | 00725cam a2200193 i 4500 |
| 005 - تاريخ ووقت آخر معاملة | |
| حقل ضبط | 20251208103705.0 |
| 008 - عناصر البيانات ثابتة الطول | |
| عناصر البيانات ثابتة الطول | 250721s2000 le gr 000 0 ara d |
| 020 ## - الترقيم الدولي المعياري للكتب (ردمك) | |
| الترقيم الدولي المعياري للكتب (ردمك) | 2745128914 |
| 082 14 - رقم تصنيف ديوي العشري | |
| رقم التصنيف | 216 |
| رقم المادة | ط ب ر |
| 100 1# - مدخل رئيسي – اسم شخصي | |
| الاسم الشخصي | إسماعيل، محمد حسن |
| علاقة الشخص بالعمل/ دوره | حقق. |
| 245 12 - بيان العنوان | |
| العنوان | الأحكام الفقهية للإمام الطبري : |
| بقية العنوان | مجموعة من كتاب التفسير له / |
| بيان المسؤولية | جمعه وحققه محمد حسن محمد حسن اسماعيل. |
| 250 ## - بيان الطبعة | |
| بيان الطبعة | الطبعه الاولى. |
| 264 31 - بيانات النشر، التوزيع…إلخ | |
| مكان النشر، التوزيع...إلخ | بيروت : |
| اسم الناشر، الموزع...إلخ | دار الكتب العلمية، |
| تاريخ النشر، التوزيع...إلخ | 2000. |
| 300 ## - الوصف المادي | |
| عدد الوحدات المكونة للوعاء | 480 صفحه. |
| 650 17 - مدخل إضافي بالموضوع - مصطلح موضوعي | |
| مصطلح موضوعي أو اسم جغرافي كعنصر مدخل | الإسلام. |
| 650 17 - مدخل إضافي بالموضوع - مصطلح موضوعي | |
| مصطلح موضوعي أو اسم جغرافي كعنصر مدخل | الفقه الإسلامي. |
| 942 ## - بيانات إضافية (كوها) | |
| نوع التنصيف | Dewey Decimal Classification |
| نوع المادة (كوها) | كتب |
| حالة السحب | حالة الفقدان | مصدر التصنيف | حالة التلف | غير قابل للإعارة | المكتبة الرئيسية | المكتبة الحالية | موقع الرف | تاريخ التزويد | الرقم المتسلسل | Total Checkouts | رقم الإستدعاء | الباركود | تاريخ آخر ظهور | تاريخ الفاتورة | نوع المادة (كوها) |
|---|---|---|---|---|---|---|---|---|---|---|---|---|---|---|---|
| Dewey Decimal Classification | المكتبة المركزية | المكتبة المركزية | الإعارة | 06/07/2004 | 619866 | 216 / ط ب ر | 619866 | 28/07/2025 | 06/07/2004 | كتب | |||||
| Dewey Decimal Classification | Not For Loan | مكتبة منتدى الرواد | مكتبة منتدى الرواد | لا يعار | 17/12/2017 | 1652100 | 216/طبر | PLD00413526 | 28/07/2025 | 17/12/2017 | كتب |